CALLISTERS MATERIALS SCIENCES ENGINEERING (Record no. 25831)

MARC details
000 -LEADER
fixed length control field 00318nam a22001337a 4500
003 - CONTROL NUMBER IDENTIFIER
control field SGT
020 ## - INTERNATIONAL STANDARD BOOK NUMBER
International Standard Book Number 9788126541607
100 ## - MAIN ENTRY--PERSONAL NAME
Personal name BALASUBRAMMANIAM,R
245 ## - TITLE STATEMENT
Title CALLISTERS MATERIALS SCIENCES ENGINEERING
260 ## - PUBLICATION, DISTRIBUTION, ETC. (IMPRINT)
Place of publication, distribution, etc NEW DELHI
Name of publisher, distributor, etc WILEY
Year of Publication 2023
300 ## - PAGE DESCRIPTION
No. of Pages 117
650 ## - SUBJECT ADDED ENTRY--TOPICAL TERM
Topical term or geographic name as entry element MECHANICAL ENGINEERING
942 ## - ADDED ENTRY ELEMENTS (KOHA)
Source of classification or shelving scheme Dewey Decimal Classification
Koha item type Books

No items available.